Statistics for NCAA BASKETBALL COLLEGE LOGOS QUIZ

Click here to take the quiz!

General Stats

  • This quiz has been taken 258 times
  • The average score is 18 of 28

Answer Stats

Answer% Correct
Gonzaga Bulldogs
96%
Creighton Bluejays
90%
St. John's Red Storm
84%
Marquette Golden Eagles
82%
Rhode Island Rams
80%
Oral Roberts Golden Eagles
79%
Vermont Catamounts
79%
Providence Friars
78%
Richmond Spiders
76%
Dayton Flyers
74%
Butler Bulldogs
72%
Seton Hall Pirates
70%
DePaul Blue Demons
67%
Furman Paladins
67%
San Francisco Dons
67%
South Dakota State Jackrabbits
67%
Wichita State Shockers
66%
Murray State Racers
61%
Drake Bulldogs
58%
Davidson Wildcats
56%
Pepperdine Waves
56%
Northern Iowa Panthers
55%
Lehigh Mountain Hawks
52%
Stephen F. Austin Lumberjacks
52%
Saint Louis Billikens
46%
Bucknell Bison
44%
Santa Clara Broncos
38%
Evansville Purple Aces
29%

Score Distribution

Percentile by Number Answered

Percent of People with Each Score

Your Score History

You have not taken this quiz